Normal view
MARC view
- Khalid, Minahil
Entry Personal Name
001 - CONTROL NUMBER
- control field: 119927
003 - CONTROL NUMBER IDENTIFIER
- control field: NUST
005 - DATE AND TIME OF LATEST TRANSACTION
- control field: 20240118105036.0
008 - FIXED-LENGTH DATA ELEMENTS
- fixed length control field: 240118|| aca||aabn | a|a d
040 ## - CATALOGING SOURCE
- Original cataloging agency: NUST
- Transcribing agency: NUST
100 ## - HEADING--PERSONAL NAME
- Personal name: Khalid, Minahil
670 ## - SOURCE DATA FOUND
- Source citation: Work cat.: (NUST): Khalid, Minahil , Genetic Screening for the Prevalence of PRNP Mutations in Pakistan /
